00526nam a2200193 a 4500001001300000003000900013005001700022008004100039020001000080082001600090100002300106245004500129260004800174300000900222500003500231505001000266650003300276700002300309nice12345678IN_TiNIC20260116011330.0050524s1963 edia grp 000 0 eng  ac10000a181.07bWAT aWatt, W Montgomery aMuslim Intellectual, Study of Al-Ghazali aEdinburghbEdinburgh University Pressc1963 a215p aincludes index and biblioraphy2 aIndex aPhilosophy-Islamic-Al-Jawini1 aWatt, W Montgomery